1187 1753 1201 1154 1196 1861 1309 1590 1606 1065 1757 1051 1229 1131 1751 1975 1169 1837 1775 1487 1810 1287 1568 1057 1804 1845 1188 1262 1324 1706 1351 1013 1409 1893 1842 1153 1729 1771 1317 1470 1951 1682 1211 1556 1338 1610 1943 1210 1474 1534 1483 1968 1128 1508 1566 1568 1292 1655 1194 1038 1473 1221 1272 1767 1535 1062 1990 1229 1768 1564 1716 1851 1381 1512 1717 1107 1198 1606 1761 1217 1675 1313 1309 1782 1280 1411 1478 1003 1768 1435 1065 1674 1872 1735 1653 1927 1232 1992 1783 BCNSPRNW ULIB Ver.6.0+V

เปลี่ยนเป็นภาษาไทย

Change to English
 แสดงรายละเอียดบรรณานุกรม
  กลับหน้าหลัก

Brief Record : Get Marc (ISO 2709) : E-mail record : QR code < ปิดหน้าต่าง
LEADER : 00000nam 2200000uu 4500
001    13399115001
003     ULIB
008    120627s2549||||th 000 0 tha d
020    ^a9742943206
020    ^a9789742943202
060 04 ^aQS4^bค649ก 2549
245 00 ^aกายวิภาคศาสตร์ /^cคณาจารย์เครือข่ายการศึกษาพยาบาลและการสาธารณสุขภาคใต้ (SC-Net)
250    ^aพิมพ์ครั้งที่ 3
260    ^aนนทบุรี :^bโครงการสวัสดิการวิชาการ สถาบันพระบรมราชชนก,^c2549
300    ^a443 หน้า :^bภาพประกอบ ;^c27 ซม.
650  7 ^aกายวิภาคศาสตร์
700 0  ^aคณาจารย์เครือข่ายการศึกษาพยาบาลและการสาธารณสุขภาคใต้ (SC-Net)
710 2  ^aสถาบันพระบรมราชชนก. ^bโครงการสวัสดิการวิชาการ
945    ^p0^l0^i14508
995    ^aกัณชพร
999    ^aใช้งานได้ทุกระบบ
รายการนี้ยังไม่มีแท็ก
คุณยังไม่ได้ล็อกอิน คุณสามารถมีกิจกรรมร่วมกับเว็บไซต์ได้ แต่ต้องล็อกอินก่อน ::
  ล็อกอิน

รายการสื่อสารสนเทศ

ลำดับที่ ประเภท เลขเรียก/บาร์โค้ด สถานที่ สถานะ
- ไม่พบข้อมูล -

รายการใกล้เคียง
    หัวเรื่อง [กายวิภาคศาสตร์]

BibComment


ยังไม่เคยถูกคอมเมนท์

คอมเมนท์ทรัพยากรรายการนี้
  คอมเมนท์: กายวิภาคศาสตร์ ..


 Copyright 2026. Bcnsprnw @Library